Countries with Arabic as an Official Language - Sudden Death - Statistics

General Stats
  • This quiz has been taken 89 times
  • The average score is 11 of 13
Answers on the Grid
Answers color-coded by a green-red scale on the quiz's grid according to % correct below.
Comoros
Mauritania
Libya
Equatorial Guinea
Qatar
Guyana
Azerbaijan
Armenia
Jordan
Indonesia
Trinidad and Tobago
Syria
Kuwait
Nigeria
Chad
Guinea
Egypt
Lebanon
Uzbekistan
Turkmenistan
Bahrain
Iraq
Philippines
Algeria
 
Answer Stats
Answer % Correct
Libya
92%
Egypt
89%
Iraq
89%
Kuwait
88%
Qatar
88%
Syria
88%
Bahrain
86%
Jordan
86%
Lebanon
86%
Algeria
85%
Comoros
80%
Mauritania
80%
Chad
72%
No matching quizzes found
Score Distribution
Percent of People with Each Score
Percentile by Number Answered
Your Score History
You have not taken this quiz